000 00881cab a2200253 4500
001 ABS59203
008 090401t1998 xxu||||| |||| 00| 0 eng d
035 _a(Sirsi) u88023
041 _aeng
100 _aPowell, G.
245 _aParty wall pitfalls
260 _c1998
350 _a0
490 _aSolicitors` Journal
_v142(32) 14 August 1998, 772-773(2)
520 _aHighlights some potential problems arising from the Party Walls etc Act 1996 and suggests ways to avoid them. Looks at failure to serve notices, contingent liabilities inherent in the Act, land charges, compensation, inadequate definitions and surveyors exceeding their jurisdiction.
650 _aCOMPENSATION
650 _aCONTINGENT LIABILITIES
650 _aLAND CHARGES
650 _aNOTICES
650 _aPARTY WALL ETC ACT 1996
690 _aLAW
942 _n0
948 _c18/08/1998
999 _c55579
_d55579